Cinco tentaciones (Registro nro. 58733)
[ vista simple ]
| 000 -LÍDER | |
|---|---|
| Campo fijo de descripción fija | 01081cab a2200205 i 4500 |
| 001 - NÚMERO DE CONTROL | |
| Campo de control | 768714001 |
| 003 - IDENTIFICADOR DEL NÚMERO DE CONTROL | |
| Campo de control | CO-MdFUSB |
| 005 - FECHA Y HORA DE LA ULTIMA TRANSACCIÓN | |
| control field | 20250718145115.0 |
| 008 - ELEMENTOS DE LONGITUD FIJA -- INFORMACIÓN GENERAL | |
| Campo fijo de descripción fija -- Información general | 170517t1997 cr ||||| |||| 00| 0 spa d |
| 022 ## - NÚMERO INTERNACIONAL NORMALIZADO PARA PUBLICACIONES SERIADAS | |
| Número Internacional Normalizado para Publicaciones Seriadas | 1409-1969 |
| 040 ## - FUENTE DE CATALOGACIÓN | |
| Agencia Catalogadora | CO-MdFUSB |
| Idioma de catalogación | spa |
| Agencia que realiza la transcripción | CO-MdFUSB |
| Agencia que realiza la modificación | CO-MdFUSB |
| 041 ## - CÓDIGO DE IDIOMA | |
| Código de idioma para texto/pista de sonido o título separado | spa |
| 100 1# - ASIENTO PRINCIPAL--NOMBRE PERSONAL | |
| Nombre personal | Patterson, Ben |
| Término relacionador | autor |
| 245 10 - TÍTULO | |
| Título | Cinco tentaciones |
| Mención de responsabilidad | / Ben Patterson |
| 300 ## - DESCRIPCIÓN FÍSICA | |
| Extensión | Volumen 15. Número 1 (1997), páginas 18-20 |
| Dimensiones | : 27 cm. |
| 520 ## - NOTA DE RESUMEN, ETC. | |
| Nota de sumario, etc. | La primera es ser un artista en el pulpito, la segunda tentación se encuentra en que el predicador vea la palabra de Dios como algo solamente para ser predicado. La tercera es que el predicador convierta las piedras en pan, dándole a las personas lo que quieren y no lo que necesitan. La cuarta es es verse a uno mismo como el profeta para las personas. La ultima es creer que el predicador da la relevancia de la palabra y no que ellas por si sola ya tiene relevancia. |
| 773 0# - ASIENTO DE ITEM FUENTE | |
| Título | Apuntes Pastorales |
| Biblionumber | 49442 |
| Itemnumber | 60171 |
| Parte(s) relacionada(s) / Volumen., número. (mes año), páginas | Volumen 15. Número 1 (1997), páginas 18-20 |
| Enumeración y primera página | Página 18 |
| 942 ## - TIPO DE MATERIAL (KOHA) | |
| Tipo de Item KOHA | Artículos de Revista |
| 945 ## - INFORMACIÓN LOCAL DEL REGISTRO | |
| Catalogador | JTF-925 |
No hay ítems disponibles.
